000 00516nam a22001577a 4500
003 NUST
082 _a200
100 _aAjmal, Sunaina
_998173
245 _aAnomaly Detection of EV Battery Pack by using Multivariate Generative Models /
_cSunaina Ajmal
264 _aIslamabad :
_bSEECS, NUST,
_c2022.
300 _a65 p. ;
650 _aMS-Artificial Intelligence
_9124951
700 _aSupervisor: Dr. Muhammad Shahzad Younis
856 _uhttp://10.250.8.41:8080/xmlui/handle/123456789/30098
942 _2ddc
_cSC
999 _c591233
_d591233